[Event "Werther Schloss op-B 12th"]
[Site "Werther"]
[Date "2006.04.09"]
[Round "4"]
[White "Giese, Stefan"]
[Black "Meyer, Bettina"]
[Result "1/2-1/2"]
[WhiteElo "2040"]
[BlackElo "1944"]
[PlyCount "118"]
[EventDate "2006.04.07"]
[EventType "swiss"]
[EventRounds "5"]
[EventCountry "GER"]
[SourceTitle "EXT 2008"]
[Source "ChessBase"]
[SourceDate "2007.11.25"]
[SourceVersion "1"]
[SourceVersionDate "2007.11.25"]
[SourceQuality "1"]

1. Nf3 Nf6 2. d4 c5 3. e3 cxd4 4. exd4 d5 5. Bd3 e6 6. 0-0 b6 7. Qe2 Be7 8. Bf4 Nh5 9. Be5 0-0 10. Nbd2 Nc6 11. c3 f6 12. Bg3 Nxg3 13. fxg3 Qd6 14. Rae1 Bd7 15. Nh4 f5 16. Nhf3 Rae8 17. Ne5 Nxe5 18. Qxe5 Qxe5 19. Rxe5 Bd6 20. Ree1 g5 21. Nf3 h6 22. Ne5 Bxe5 23. Rxe5 Rf6 24. Be2 Kg7 25. Bh5 Rd8 26. Rfe1 Bc8 27. Be2 Kf7 28. Rf1 Ke7 29. Bd3 Kd6 30. g4 f4 31. g3 Rdf8 32. gxf4 Rxf4 33. Be2 Bd7 34. Kg2 a5 35. Rxf4 Rxf4 36. Kg3 Rf6 37. Kg2 Be8 38. Bd3 Rf4 39. Kg3 Rf6 40. Re1 Bc6 41. Rh1 b5 42. h4 gxh4+ 43. Rxh4 b4 44. Rh1 bxc3 45. bxc3 Ba4 46. Rb1 Kc7 47. Rf1 Rxf1 48. Bxf1 Bc2 49. Bb5 Bg6 50. Kf4 Kd6 51. a3 Be4 52. Be8 Ke7 53. Bh5 Kf6 54. c4 Bd3 55. cxd5 exd5 56. Be8 Be4 57. Ke3 Kg5 58. Bd7 Bc2 59. Kd2 Be4 1/2-1/2

[Event "Werther Schloss op-A 10th"]
[Site "Werther"]
[Date "2004.04.04"]
[Round "4"]
[White "Giese, Stefan"]
[Black "Johnen, Daniel"]
[Result "0-1"]
[WhiteElo "1955"]
[BlackElo "2161"]
[PlyCount "106"]
[EventDate "2004.04.02"]
[EventType "swiss"]
[EventRounds "5"]
[EventCountry "GER"]
[SourceTitle "CBM 099 Extra"]
[Source "ChessBase"]
[SourceDate "2004.05.04"]
[SourceVersion "1"]
[SourceVersionDate "2004.05.04"]
[SourceQuality "1"]

1. Nf3 c5 2. g3 g6 3. Bg2 Bg7 4. d4 Nf6 5. 0-0 0-0 6. c4 d6 7. dxc5 dxc5 8. Nc3 Nc6 9. Be3 Be6 10. Bxc5 Qa5 11. Ba3 Bxc4 12. Re1 Ng4 13. Rc1 Rfd8 14. Qc2 Rac8 15. h3 Nh6 16. Qe4 Nb4 17. Qxb7 Bxc3 18. Rxc3 Nxa2 19. Re3 Bd5 20. b4 Qa4 21. Qxe7 Re8 22. Qg5 Rxe3 23. fxe3 Qxa3 24. Qxh6 Bxf3 25. Bxf3 Qxb4 26. Rf1 Nc3 27. Qg5 Qc5 28. Qf4 Re8 29. Kf2 Nd5 30. Bxd5 Qxd5 31. h4 h5 32. Rc1 a5 33. Rc7 Ra8 34. Qc4 Qxc4 35. Rxc4 a4 36. Rc2 a3 37. Ra2 Kg7 38. e4 Kf6 39. Kf3 Ke5 40. Ke3 Ra4 41. Kd3 Ra8 42. Ke3 Ra7 43. Kd3 Ra4 44. Ke3 Rxe4+ 45. Kf3 Ra4 46. Ke3 Ra7 47. Kd3 Kf5 48. Ke3 Kg4 49. Kf2 f6 50. Kg2 g5 51. hxg5 fxg5 52. e4 h4 53. gxh4 gxh4 0-1

[Event "Werther Schloss op-A 10th"]
[Site "Werther"]
[Date "2004.04.03"]
[Round "2"]
[White "Goessling, Guido"]
[Black "Giese, Stefan"]
[Result "1-0"]
[WhiteElo "2190"]
[BlackElo "1955"]
[PlyCount "29"]
[EventDate "2004.04.02"]
[EventType "swiss"]
[EventRounds "5"]
[EventCountry "GER"]
[SourceTitle "CBM 099 Extra"]
[Source "ChessBase"]
[SourceDate "2004.05.04"]
[SourceVersion "1"]
[SourceVersionDate "2004.05.04"]
[SourceQuality "1"]

1. e4 e6 2. d4 d5 3. Nc3 Nf6 4. e5 Nfd7 5. f4 c5 6. Nf3 Nc6 7. Be3 Qb6 8. Qd2 Qxb2 9. Rb1 Qa3 10. Be2 cxd4 11. Nxd4 Bb4 12. Rb3 Qa5 13. a3 Bxc3 14. Rxc3 Nxd4 15. Rxc8+ 1-0